BUKU panduan pemasaran kayu-kayan

Bibliographic Details
Corporate Authors: Lembaga Perindustrian Kayu Malaysia, Malaysian Timber Industry Board (MTIB)
Format: Book
Published: Kuala Lumpur : Lembaga Perindustrian Kayu Malaysia , (19--)
Subjects:

MARC

LEADER 00000cam a2200000 7i4500
001 0000002245
005 20030422.0
090 0 0 |a 382.4149   |b BUK (19--) 
245 0 0 |a BUKU panduan pemasaran kayu-kayan 
260 0 0 |a Kuala Lumpur :   |b Lembaga Perindustrian Kayu Malaysia ,   |c (19--) 
300 |a 150 p. ;   |c 30 cm. 
650 0 0 |a Timber   |x Marketing 
710 1 1 |a Lembaga Perindustrian Kayu Malaysia 
710 1 1 |a Malaysian Timber Industry Board (MTIB) 
998 |a JPSM 
999 |a 0000003955   |b Monograph   |c Open Shelf   |e Default branch